Statistics for Countries by the crosses of their flag

Click here to take the quiz!

General Stats

  • This quiz has been taken 19 times
    (14 since last reset)
  • The average score is 20 of 26

Answer Stats

Answer% Correct
Australia
89%
Denmark
89%
Dominican Republic
89%
Finland
89%
Iceland
89%
Jamaica
89%
New Zealand
89%
Norway
89%
Switzerland
89%
United Kingdom
89%
Burundi
78%
Georgia
78%
Liechtenstein
78%
Malta
78%
Moldova
78%
Montenegro
78%
Serbia
78%
Sweden
78%
Greece
67%
Niue
67%
Slovakia
67%
Tonga
67%
Vatican
67%
Cook Islands
56%
Tuvalu
56%
Order of Malta
22%

Score Distribution

Percentile by Number Answered

Percent of People with Each Score

Your Score History

You have not taken this quiz since the last reset